00642nam a2200253Ia 4500001000900000003000500009005001700014008004100031010001100072020001800083040000900101082002000110100001800130245003500148250001100183260005900194300001700253503001300270504003100283650001200314650002800326650001100354650002300365dia_2963CHAP20251027151706.0220117s1991 xx 000 0 und d a173466 a0-80-040824-9 cCHAP a641.36 L39 1991 aLawrie, R. A. aMeat science /c R. A. Lawrie a5a ed. aEstados Unidos de América :b Pergamon Press,c1991 axvii, 393 p. aI.167076 aBibliografía: p. 243-269 aCarne  aCarnexPreservación  aMeat  aMeatxPreservation